<?xml version="1.0" encoding="UTF-8"?>
<record
    xmlns:xsi="http://www.w3.org/2001/XMLSchema-instance"
    xsi:schemaLocation="http://www.loc.gov/MARC21/slim http://www.loc.gov/standards/marcxml/schema/MARC21slim.xsd"
    xmlns="http://www.loc.gov/MARC21/slim">

  <leader>00772    a2200193   4500</leader>
  <controlfield tag="003">LDD</controlfield>
  <controlfield tag="005">20240327112453.0</controlfield>
  <controlfield tag="008">240327b        |||||||| |||| 00| 0 eng d</controlfield>
  <datafield tag="020" ind1=" " ind2=" ">
    <subfield code="a">9789386231314  (set)</subfield>
  </datafield>
  <datafield tag="040" ind1=" " ind2=" ">
    <subfield code="c">IGNOU Library</subfield>
  </datafield>
  <datafield tag="082" ind1=" " ind2=" ">
    <subfield code="a">923.254 &#x926;&#x940;49246 </subfield>
  </datafield>
  <datafield tag="245" ind1=" " ind2=" ">
    <subfield code="a">&#x926;&#x940;&#x928;&#x926;&#x92F;&#x93E;&#x932; &#x909;&#x92A;&#x93E;&#x927;&#x94D;&#x92F;&#x93E;&#x92F; &#x938;&#x92E;&#x94D;&#x92A;&#x942;&#x930;&#x94D;&#x923; &#x935;&#x93E;&#x902;&#x917;&#x94D;&#x92E;&#x92F; /</subfield>
    <subfield code="c">&#x938;&#x902;&#x92A;&#x93E;&#x926;&#x915; &#x92E;&#x939;&#x947;&#x936; &#x91A;&#x902;&#x926;&#x94D;&#x930; &#x936;&#x930;&#x94D;&#x92E;&#x93E; </subfield>
  </datafield>
  <datafield tag="246" ind1=" " ind2=" ">
    <subfield code="a">Deendayal Upadhyaya Sampoorna Vangmaya</subfield>
  </datafield>
  <datafield tag="260" ind1=" " ind2=" ">
    <subfield code="b">&#x928;&#x908; &#x926;&#x93F;&#x932;&#x94D;&#x932;&#x940;:</subfield>
    <subfield code="a">&#x92A;&#x94D;&#x930;&#x92D;&#x93E;&#x924; &#x92A;&#x94D;&#x930;&#x915;&#x936;&#x928;,</subfield>
    <subfield code="c">2016.</subfield>
  </datafield>
  <datafield tag="300" ind1=" " ind2=" ">
    <subfield code="a">15 Volumes</subfield>
  </datafield>
  <datafield tag="650" ind1=" " ind2=" ">
    <subfield code="a">&#x91C;&#x940;&#x935;&#x928;&#x91A;&#x930;&#x93F;&#x924; </subfield>
    <subfield code="9">19720</subfield>
  </datafield>
  <datafield tag="700" ind1=" " ind2=" ">
    <subfield code="a">&#x936;&#x930;&#x94D;&#x92E;&#x93E;, &#x92E;&#x939;&#x947;&#x936; &#x91A;&#x902;&#x926;&#x94D;&#x930; </subfield>
    <subfield code="e">&#x938;&#x902;&#x92A;&#x93E;&#x926;&#x915; </subfield>
    <subfield code="9">19721</subfield>
  </datafield>
  <datafield tag="942" ind1=" " ind2=" ">
    <subfield code="2">ddc</subfield>
    <subfield code="c">H</subfield>
  </datafield>
  <datafield tag="952" ind1=" " ind2=" ">
    <subfield code="0">0</subfield>
    <subfield code="1">0</subfield>
    <subfield code="2">ddc</subfield>
    <subfield code="4">0</subfield>
    <subfield code="7">0</subfield>
    <subfield code="9">200165</subfield>
    <subfield code="a">LDD</subfield>
    <subfield code="b">LDD</subfield>
    <subfield code="d">2024-03-07</subfield>
    <subfield code="e">5</subfield>
    <subfield code="g">4200.00</subfield>
    <subfield code="h">V.1</subfield>
    <subfield code="l">0</subfield>
    <subfield code="o">923.254 &#x926;&#x940;49246 V.1</subfield>
    <subfield code="p">H022649</subfield>
    <subfield code="r">2024-03-07</subfield>
    <subfield code="v">6000.00</subfield>
    <subfield code="w">2024-03-07</subfield>
    <subfield code="y">H</subfield>
  </datafield>
  <datafield tag="952" ind1=" " ind2=" ">
    <subfield code="0">0</subfield>
    <subfield code="1">0</subfield>
    <subfield code="2">ddc</subfield>
    <subfield code="4">0</subfield>
    <subfield code="7">0</subfield>
    <subfield code="9">200203</subfield>
    <subfield code="a">LDD</subfield>
    <subfield code="b">LDD</subfield>
    <subfield code="d">2024-03-07</subfield>
    <subfield code="h">V.2</subfield>
    <subfield code="l">0</subfield>
    <subfield code="o">923.254 &#x926;&#x940;49246 V.2</subfield>
    <subfield code="p">H022650</subfield>
    <subfield code="r">2024-03-07</subfield>
    <subfield code="w">2024-03-07</subfield>
    <subfield code="y">H</subfield>
  </datafield>
  <datafield tag="952" ind1=" " ind2=" ">
    <subfield code="0">0</subfield>
    <subfield code="1">0</subfield>
    <subfield code="2">ddc</subfield>
    <subfield code="4">0</subfield>
    <subfield code="7">0</subfield>
    <subfield code="9">200204</subfield>
    <subfield code="a">LDD</subfield>
    <subfield code="b">LDD</subfield>
    <subfield code="d">2024-03-07</subfield>
    <subfield code="h">V.3</subfield>
    <subfield code="l">0</subfield>
    <subfield code="o">923.254 &#x926;&#x940;49246 V.3</subfield>
    <subfield code="p">H022651</subfield>
    <subfield code="r">2024-03-07</subfield>
    <subfield code="w">2024-03-07</subfield>
    <subfield code="y">H</subfield>
  </datafield>
  <datafield tag="952" ind1=" " ind2=" ">
    <subfield code="0">0</subfield>
    <subfield code="1">0</subfield>
    <subfield code="2">ddc</subfield>
    <subfield code="4">0</subfield>
    <subfield code="7">0</subfield>
    <subfield code="9">200205</subfield>
    <subfield code="a">LDD</subfield>
    <subfield code="b">LDD</subfield>
    <subfield code="d">2024-03-07</subfield>
    <subfield code="h">V.4</subfield>
    <subfield code="l">0</subfield>
    <subfield code="o">923.254 &#x926;&#x940;49246 V.4</subfield>
    <subfield code="p">H022652</subfield>
    <subfield code="r">2024-03-07</subfield>
    <subfield code="w">2024-03-07</subfield>
    <subfield code="y">H</subfield>
  </datafield>
  <datafield tag="952" ind1=" " ind2=" ">
    <subfield code="0">0</subfield>
    <subfield code="1">0</subfield>
    <subfield code="2">ddc</subfield>
    <subfield code="4">0</subfield>
    <subfield code="7">0</subfield>
    <subfield code="9">200206</subfield>
    <subfield code="a">LDD</subfield>
    <subfield code="b">LDD</subfield>
    <subfield code="d">2024-03-07</subfield>
    <subfield code="h">V.5</subfield>
    <subfield code="l">0</subfield>
    <subfield code="o">923.254 &#x926;&#x940;49246 V.5</subfield>
    <subfield code="p">H022653</subfield>
    <subfield code="r">2024-03-07</subfield>
    <subfield code="w">2024-03-07</subfield>
    <subfield code="y">H</subfield>
  </datafield>
  <datafield tag="952" ind1=" " ind2=" ">
    <subfield code="0">0</subfield>
    <subfield code="1">0</subfield>
    <subfield code="2">ddc</subfield>
    <subfield code="4">0</subfield>
    <subfield code="7">0</subfield>
    <subfield code="9">200207</subfield>
    <subfield code="a">LDD</subfield>
    <subfield code="b">LDD</subfield>
    <subfield code="d">2024-03-07</subfield>
    <subfield code="h">V.6</subfield>
    <subfield code="l">0</subfield>
    <subfield code="o">923.254 &#x926;&#x940;49246 V.6</subfield>
    <subfield code="p">H022654</subfield>
    <subfield code="r">2024-03-07</subfield>
    <subfield code="w">2024-03-07</subfield>
    <subfield code="y">H</subfield>
  </datafield>
  <datafield tag="952" ind1=" " ind2=" ">
    <subfield code="0">0</subfield>
    <subfield code="1">0</subfield>
    <subfield code="2">ddc</subfield>
    <subfield code="4">0</subfield>
    <subfield code="7">0</subfield>
    <subfield code="9">200208</subfield>
    <subfield code="a">LDD</subfield>
    <subfield code="b">LDD</subfield>
    <subfield code="d">2024-03-07</subfield>
    <subfield code="h">V.7</subfield>
    <subfield code="l">0</subfield>
    <subfield code="o">923.254 &#x926;&#x940;49246 V.7</subfield>
    <subfield code="p">H022655</subfield>
    <subfield code="r">2024-03-07</subfield>
    <subfield code="w">2024-03-07</subfield>
    <subfield code="y">H</subfield>
  </datafield>
  <datafield tag="952" ind1=" " ind2=" ">
    <subfield code="0">0</subfield>
    <subfield code="1">0</subfield>
    <subfield code="2">ddc</subfield>
    <subfield code="4">0</subfield>
    <subfield code="7">0</subfield>
    <subfield code="9">200209</subfield>
    <subfield code="a">LDD</subfield>
    <subfield code="b">LDD</subfield>
    <subfield code="d">2024-03-07</subfield>
    <subfield code="h">V.8</subfield>
    <subfield code="l">0</subfield>
    <subfield code="o">923.254 &#x926;&#x940;49246 V.8</subfield>
    <subfield code="p">H022656</subfield>
    <subfield code="r">2024-03-07</subfield>
    <subfield code="w">2024-03-07</subfield>
    <subfield code="y">H</subfield>
  </datafield>
  <datafield tag="952" ind1=" " ind2=" ">
    <subfield code="0">0</subfield>
    <subfield code="1">0</subfield>
    <subfield code="2">ddc</subfield>
    <subfield code="4">0</subfield>
    <subfield code="7">0</subfield>
    <subfield code="9">200210</subfield>
    <subfield code="a">LDD</subfield>
    <subfield code="b">LDD</subfield>
    <subfield code="d">2024-03-07</subfield>
    <subfield code="h">V.9</subfield>
    <subfield code="l">0</subfield>
    <subfield code="o">923.254 &#x926;&#x940;49246 V.9</subfield>
    <subfield code="p">H022657</subfield>
    <subfield code="r">2024-03-07</subfield>
    <subfield code="w">2024-03-07</subfield>
    <subfield code="y">H</subfield>
  </datafield>
  <datafield tag="952" ind1=" " ind2=" ">
    <subfield code="0">0</subfield>
    <subfield code="1">0</subfield>
    <subfield code="2">ddc</subfield>
    <subfield code="4">0</subfield>
    <subfield code="7">0</subfield>
    <subfield code="9">200211</subfield>
    <subfield code="a">LDD</subfield>
    <subfield code="b">LDD</subfield>
    <subfield code="d">2024-03-07</subfield>
    <subfield code="h">V.10</subfield>
    <subfield code="l">0</subfield>
    <subfield code="o">923.254 &#x926;&#x940;49246 V.10</subfield>
    <subfield code="p">H022658</subfield>
    <subfield code="r">2024-03-07</subfield>
    <subfield code="w">2024-03-07</subfield>
    <subfield code="y">H</subfield>
  </datafield>
  <datafield tag="952" ind1=" " ind2=" ">
    <subfield code="0">0</subfield>
    <subfield code="1">0</subfield>
    <subfield code="2">ddc</subfield>
    <subfield code="4">0</subfield>
    <subfield code="7">0</subfield>
    <subfield code="9">200212</subfield>
    <subfield code="a">LDD</subfield>
    <subfield code="b">LDD</subfield>
    <subfield code="d">2024-03-07</subfield>
    <subfield code="h">V.11</subfield>
    <subfield code="l">0</subfield>
    <subfield code="o">923.254 &#x926;&#x940;49246 V.11</subfield>
    <subfield code="p">H022659</subfield>
    <subfield code="r">2024-03-07</subfield>
    <subfield code="w">2024-03-07</subfield>
    <subfield code="y">H</subfield>
  </datafield>
  <datafield tag="952" ind1=" " ind2=" ">
    <subfield code="0">0</subfield>
    <subfield code="1">0</subfield>
    <subfield code="2">ddc</subfield>
    <subfield code="4">0</subfield>
    <subfield code="7">0</subfield>
    <subfield code="9">200213</subfield>
    <subfield code="a">LDD</subfield>
    <subfield code="b">LDD</subfield>
    <subfield code="d">2024-03-07</subfield>
    <subfield code="h">V.12</subfield>
    <subfield code="l">0</subfield>
    <subfield code="o">923.254 &#x926;&#x940;49246 V.12</subfield>
    <subfield code="p">H022660</subfield>
    <subfield code="r">2024-03-07</subfield>
    <subfield code="w">2024-03-07</subfield>
    <subfield code="y">H</subfield>
  </datafield>
  <datafield tag="952" ind1=" " ind2=" ">
    <subfield code="0">0</subfield>
    <subfield code="1">0</subfield>
    <subfield code="2">ddc</subfield>
    <subfield code="4">0</subfield>
    <subfield code="7">0</subfield>
    <subfield code="9">200214</subfield>
    <subfield code="a">LDD</subfield>
    <subfield code="b">LDD</subfield>
    <subfield code="d">2024-03-07</subfield>
    <subfield code="h">V.13</subfield>
    <subfield code="l">0</subfield>
    <subfield code="o">923.254 &#x926;&#x940;49246 V.13</subfield>
    <subfield code="p">H022661</subfield>
    <subfield code="r">2024-03-07</subfield>
    <subfield code="w">2024-03-07</subfield>
    <subfield code="y">H</subfield>
  </datafield>
  <datafield tag="952" ind1=" " ind2=" ">
    <subfield code="0">0</subfield>
    <subfield code="1">0</subfield>
    <subfield code="2">ddc</subfield>
    <subfield code="4">0</subfield>
    <subfield code="7">0</subfield>
    <subfield code="9">200215</subfield>
    <subfield code="a">LDD</subfield>
    <subfield code="b">LDD</subfield>
    <subfield code="d">2024-03-07</subfield>
    <subfield code="h">V.14</subfield>
    <subfield code="l">0</subfield>
    <subfield code="o">923.254 &#x926;&#x940;49246 V.14</subfield>
    <subfield code="p">H022662</subfield>
    <subfield code="r">2024-03-07</subfield>
    <subfield code="w">2024-03-07</subfield>
    <subfield code="y">H</subfield>
  </datafield>
  <datafield tag="952" ind1=" " ind2=" ">
    <subfield code="0">0</subfield>
    <subfield code="1">0</subfield>
    <subfield code="2">ddc</subfield>
    <subfield code="4">0</subfield>
    <subfield code="7">0</subfield>
    <subfield code="9">200216</subfield>
    <subfield code="a">LDD</subfield>
    <subfield code="b">LDD</subfield>
    <subfield code="d">2024-03-07</subfield>
    <subfield code="h">V.15</subfield>
    <subfield code="l">0</subfield>
    <subfield code="o">923.254 &#x926;&#x940;49246 V.15</subfield>
    <subfield code="p">H022663</subfield>
    <subfield code="r">2024-03-07</subfield>
    <subfield code="w">2024-03-07</subfield>
    <subfield code="y">H</subfield>
  </datafield>
  <datafield tag="999" ind1=" " ind2=" ">
    <subfield code="c">199510</subfield>
    <subfield code="d">199510</subfield>
  </datafield>
</record>
